|
|
|
|
| LEADER |
00830nab a2200253 i 4500 |
| 001 |
misc62055 |
| 005 |
20230630115143.0 |
| 008 |
230530s1957 hu o 0|| eng d |
| 040 |
|
|
|a SZTE Miscellanea Repozitórium
|b hun
|
| 041 |
|
|
|a eng
|
| 041 |
|
|
|a fiu
|
| 041 |
|
|
|a chv
|
| 100 |
1 |
|
|a Raun Alo
|
| 245 |
1 |
4 |
|a The Chuvash borrowings in Zyrian
|h [elektronikus dokumentum] /
|c Raun Alo
|
| 260 |
|
|
|a American Oriental Society
|b [New Haven]
|c 1957
|
| 300 |
|
|
|a 40-45
|c 26 cm
|
| 300 |
|
|
|a [6] p.
|c 26 cm
|
| 490 |
0 |
|
|a Journal of the American Oriental Society
|
| 561 |
|
|
|a Németh Gyula hagyaték
|
| 591 |
|
|
|a LOA 3066; NOA 4846
|
| 650 |
|
4 |
|a Bölcsészettudományok
|
| 650 |
|
4 |
|a Nyelvek és irodalom
|
| 695 |
|
|
|a Zürjén nyelv - csuvas jövevényszavak
|
| 856 |
4 |
0 |
|u http://misc.bibl.u-szeged.hu/62055/1/4846_noa.pdf
|z Dokumentum-elérés
|